AFL General Knowledge #2 - Statistics

General Stats
  • This quiz has been taken 2,180 times
  • The average score is 7 of 10
Answer Stats
Question? Answer % Correct
How many premierships have the Fremantle Dockers won? 0
98%
What year did the Gold Coast Suns enter the AFL? 2011
85%
Who won the 2010 AFL Premiership? Collingwood
85%
What year did Nathan Buckley, Mark Ricciuto and Adam Goodes all win the Brownlow Medal? 2003
84%
In the NAB Cup what is the score for a goal outside 50m? 9
81%
Who has kicked the most AFL/VFL goals? Tony Lockett
70%
Who was the 2005 Brownlow medalist? Ben Cousins
51%
Who was the 2016 All Australian Ruckman? Max Gawn
46%
Who was the 2016 Most Valuable Player? Patrick Dangerfield
45%
Who was the 2001 Number 1 draft pick? Luke Hodge
40%
No matching quizzes found
Score Distribution
Percent of People with Each Score
Percentile by Number Answered
Your Score History
You have not taken this quiz